[Event "45th Olympiad 2024"]
[Site "Budapest HUN"]
[Date "2024.09.22"]
[Round "11.76"]
[Board "2"]
[White "Nascimento Admilton de Ceita dos Santos"]
[Black "Erfan, Mohamad Firdaus"]
[Result "0-1"]
[WhiteElo "1908"]
[BlackElo "1758"]
[PlyCount "106"]
[EventDate "2024.09.11"]
[WhiteTeam "Sao Tome and Principe"]
[BlackTeam "Qatar"]
[WhiteTeamCountry "SAO"]
[BlackTeamCountry "QAT"]

1. d4 d5 2. c4 dxc4 3. e3 Nf6 4. Nc3 e6 5. Nf3 a6 6. Bxc4 b5 7. Bd3 Bb7 8. O-O Be7 ({RR} 8... Nbd7 9. e4 b4 10. e5 bxc3 11. exf6 Qxf6 12. bxc3 Bxf3 13. Qxf3 Qxf3 14. gxf3 Bd6 15. a4 a5 16. Bb5 Ke7 17. c4 Bb4 18. Bf4 Rhc8 19. Bc6 Ra7 20. Rfd1 Nb8 21. Be4 f5 22. Bc2 Nd7 23. d5 {1-0 Andreikin,D (2683)-Ponomariov,R (2744) Wch Blitz 5th 2010 (8)}) 9. Ne5 ({RR} 9. Qc2 O-O 10. Ne4 Nbd7 11. a3 Nxe4 12. Bxe4 Bxe4 13. Qxe4 c5 14. Rd1 Nf6 15. Qb7 Qd6 16. Ne5 Rab8 17. Qf3 cxd4 18. Nc6 Rbc8 19. Nxd4 Rfd8 20. Bd2 Qb6 21. Rac1 Bc5 22. Nb3 Be7 23. Ba5 Rxd1+ {0-1 Garrido Diaz,J (2291)-Cordoba Roa,A (2312) Titled Tue 16th Jan Late 2024 (6)}) 9... O-O $146 ({RR} 9... Nbd7 10. f4 O-O 11. Bd2 c5 12. dxc5 Nxc5 13. Bc2 Qb6 14. Qe2 Rfd8 15. Be1 Nce4 16. Nxe4 Nxe4 17. Qf3 Nf6 18. Qh3 Bc5 19. Bf2 Rd2 20. Rac1 Rad8 21. Rfe1 h6 22. a3 a5 23. Red1 Be4 24. Rxd2 {0-1 Bartos,V (1371)-Nemecek,L (1641) Prague Golden op 13th 2017 (1)}) 10. Qc2 Nbd7 11. Bd2 c5 12. Nxd7 Qxd7 13. Ne4 Nxe4 14. Bxe4 Bxe4 15. Qxe4 f5 16. Qf3 e5 17. Rad1 cxd4 18. exd4 exd4 19. Bc3 Bc5 20. Qd3 Rad8 21. Ba5 Rc8 22. Bc3 Qd5 23. b3 Rfe8 24. Bd2 Re4 25. a4 Bb6 26. Rc1 Rxc1 27. Rxc1 Re8 28. a5 Ba7 29. f3 Bb8 30. Rd1 Qe5 31. g3 Qe2 32. Bb4 Ba7 33. Qxe2 Rxe2 34. Rd3 Kf7 35. Bd6 Ke6 36. Bc7 Kd5 37. h4 Rc2 38. Bf4 Kc5 39. Be5 Kb4 40. Bxd4 Rc3 41. Rd1 Bxd4+ 42. Rxd4+ Kxa5 43. b4+ Ka4 44. Rd6 Rxf3 45. Rxa6+ Kxb4 46. Kg2 Ra3 47. Rc6 Rc3 48. Ra6 Rc7 49. Ra1 Kc5 50. h5 b4 51. Ra5+ Kc4 52. Rxf5 b3 53. Rf8 b2 0-1

[Event "45th Olympiad 2024"]
[Site "Budapest HUN"]
[Date "2024.09.22"]
[Round "11.76"]
[Board "3"]
[White "Al-Kuwari, Turki"]
[Black "Lima, Osvaldo Dos Santos"]
[Result "1-0"]
[WhiteElo "1577"]
[BlackElo "1903"]
[PlyCount "145"]
[EventDate "2024.09.11"]
[WhiteTeam "Qatar"]
[BlackTeam "Sao Tome and Principe"]
[WhiteTeamCountry "QAT"]
[BlackTeamCountry "SAO"]

1. e4 g6 2. d4 Bg7 3. Nc3 c6 4. Be3 Nf6 5. Qd2 ({RR} 5. Be2 Qa5 6. Qd2 d6 7. O-O-O Ng4 8. Bxg4 Bxg4 9. f3 Be6 10. Kb1 Na6 11. Nge2 Bc4 12. Bh6 Bxh6 13. Qxh6 b5 14. Nc1 b4 15. N3e2 Nc7 16. h4 Bxe2 17. Nxe2 Qb5 18. Nc1 O-O-O 19. Rhe1 a5 {½-½ Howell,J (2505)-McNab,C (2465) Hastings 9495 1994 (7)}) 5... h5 $146 ({RR} 5... O-O 6. f3 d5 7. e5 Nfd7 8. Bh6 e6 9. h4 c5 10. dxc5 Nxc5 11. h5 Qe7 12. hxg6 fxg6 13. Bxg7 Qxg7 14. f4 Nc6 15. Nf3 Bd7 16. O-O-O Rad8 17. Bd3 Nxd3+ 18. cxd3 Rc8 19. Kb1 a5 20. d4 {1-0 Efremov,V (2349)-Kula,R (2284) Titled Tue 22nd Aug Early 2023 (7)}) ({RR} 5... O-O 6. Nf3 b6 7. Bd3 d6 8. Bh6 Bxh6 9. Qxh6 Re8 10. Ng5 a6 11. e5 dxe5 12. dxe5 Nd5 13. Qxh7+ Kf8 14. Qxf7# {1-0 Debray,T (2151)-Michonnet,J (1499) FRA-chT1B 0607 2006 (5.7)}) ({RR} 5... O-O 6. f3 d5 7. O-O-O b5 8. e5 Ne8 9. Bh6 f5 10. h4 Bxh6 11. Qxh6 Ng7 12. h5 gxh5 13. Nh3 Qe8 14. Nf4 Qf7 15. Rh3 {1-0 Joba,A (2000)-Nagy,A (2085) SVK-chT2B 1516 2015 (6.1)}) 6. h3 d6 7. Nf3 Nbd7 8. a4 a5 9. Bc4 Nb6 10. Bb3 d5 11. e5 Nfd7 12. Qd3 Nb8 13. Ne2 Bf5 14. Qd2 Nc4 15. Bxc4 dxc4 16. Ng3 Be6 17. O-O Bd5 18. Ne1 h4 19. Ne2 Qd7 20. c3 b5 21. Nc2 Qf5 22. f3 Qd7 23. Nf4 e6 24. Nxd5 exd5 25. Bg5 Qf5 26. axb5 cxb5 27. Na3 Qd7 28. Nc2 Nc6 29. Ne3 Qe6 30. Ng4 Kd7 31. Qc2 a4 32. f4 Qf5 33. Qe2 Rae8 34. Qf3 Qe6 35. Bf6 Reg8 36. Bxg7 Rxg7 37. Nf6+ Kc8 38. Nxd5 Nb8 39. Nf6 g5 40. f5 Qc6 41. Qg4 Nd7 42. Ne4 Qb6 43. Kh1 Kc7 44. f6 Rg6 45. Nd6 Nxf6 46. Nxb5+ Qxb5 47. exf6 Re8 48. Rf2 Rgg8 49. Rf5 Qxb2 50. Rc5+ Kb6 51. Rxa4 Re1+ 52. Kh2 Qxc3 53. Rcxc4 Qg3+ 54. Qxg3 hxg3+ 55. Kxg3 Re6 56. Rcb4+ Kc6 57. Ra6+ Kd5 58. Rxe6 Kxe6 59. Rb6+ Kd5 60. Kg4 Kxd4 61. Rb5 Rg6 62. Kf5 Ke3 63. Rb7 Kf2 64. Rxf7 Rh6 65. Kxg5 Rh8 66. Kg6 Kxg2 67. Rh7 Rb8 68. f7 Rb6+ 69. Kg7 Rb7 70. Kg8 Rxf7 71. Kxf7 Kg3 72. h4 Kg4 73. Kg6 1-0

[Event "45th Olympiad 2024"]
[Site "Budapest HUN"]
[Date "2024.09.22"]
[Round "11.76"]
[Board "4"]
[White "Semedo, Adelino"]
[Black "Al-Kuwari, Hamad"]
[Result "0-1"]
[WhiteElo "1827"]
[BlackElo "1571"]
[PlyCount "58"]
[EventDate "2024.09.11"]
[WhiteTeam "Sao Tome and Principe"]
[BlackTeam "Qatar"]
[WhiteTeamCountry "SAO"]
[BlackTeamCountry "QAT"]

1. d4 d5 2. c4 e6 3. Nc3 Nf6 4. cxd5 exd5 5. Bg5 Be7 6. e3 c6 7. Bd3 O-O 8. Qc2 h6 9. Bh4 Re8 10. Nf3 Ne4 11. Bxe7 Qxe7 12. h3 ({RR} 12. Bxe4 dxe4 13. Nd2 f5 14. Rb1 Nd7 15. b4 Nf6 16. Nc4 Be6 17. Ne5 Nd7 18. Nxd7 Qxd7 19. O-O Bc4 20. Rfc1 Bd3 21. Qb3+ Kh8 22. Rb2 f4 23. exf4 Qxd4 24. Nd1 e3 25. fxe3 Rxe3 26. Nf2 Bf5 {0-1 Kovalenko,I (2674)-Tabatabaei,M (2683) AimChess Rapid Play-In 2023 (3.6)}) 12... Nd7 13. O-O-O ({RR} 13. Bxe4 dxe4 14. Nd2 Nf6 15. O-O-O a5 16. Kb1 b5 17. Ne2 Qd6 18. Rc1 Bd7 19. Qc5 Qxc5 20. Rxc5 Nd5 21. Ng3 f5 22. Ne2 Nb4 23. Rf1 Nd3 24. Rc3 Rac8 25. Nc1 Nb4 26. a3 Nd5 27. Ne2 Nxc3+ {0-1 Vila Dupla,A (2042)-Radhakrishnan,S (2033) Titled Tue 9th Jul Early 2024 (8)}) 13... b5 14. Nxe4 $146 ({RR} 14. Bxe4 dxe4 15. Nd2 Nf6 16. Nb3 b4 17. Na4 Be6 18. Kb1 Bd5 19. Rc1 Nd7 20. Nac5 Nb6 21. Na5 Rec8 22. Qd2 Rab8 23. Na6 Na4 24. Nxb8 Rxb8 25. Nxc6 Bxc6 26. Rxc6 Nc3+ 27. Rxc3 bxc3 28. Qxc3 Rb5 {1-0 Lenz,A (2207)-Mela,R (2044) Imperia op 49th 2007 (4)}) 14... dxe4 15. Qxc6 Rb8 16. Bc2 exf3 17. gxf3 Bb7 18. Qxb5 Bxf3 19. Qd3 Nf6 20. Rhe1 Bxd1 21. Rxd1 Rec8 22. e4 Qxe4 23. Qd2 Qb7 24. b3 Qb4 25. Qe2 Qc3 26. Kb1 Re8 27. Qa6 Nd5 28. a3 Rxb3+ 29. Kc1 Rxa3 0-1

[Event "45th Olympiad 2024"]
[Site "Budapest HUN"]
[Date "2024.09.22"]
[Round "11.77"]
[Board "1"]
[White "Bhakta Bahadur Monger"]
[Black "Rowe, Peter"]
[Result "1/2-1/2"]
[WhiteElo "1911"]
[BlackElo "1973"]
[PlyCount "62"]
[EventDate "2024.09.11"]
[WhiteTeam "Bhutan"]
[BlackTeam "Guernsey"]
[WhiteTeamCountry "BTN"]

1. d4 d6 2. Nf3 Nd7 3. e4 e5 4. Bc4 Be7 5. dxe5 Nxe5 6. Nxe5 dxe5 7. Qxd8+ Bxd8 8. Nc3 c6 9. O-O Nf6 10. f3 $146 ({RR} 10. h3 b5 11. Bd3 Be6 12. f4 Bb6+ 13. Kh1 exf4 14. Bxf4 O-O 15. Bh2 Bd4 16. e5 Bxc3 17. bxc3 Nd7 18. a4 a6 19. Be4 Rac8 20. axb5 axb5 21. Ra7 Nc5 22. Bd3 g6 23. Bf4 Bd5 24. Bg5 Rfe8 {1-0 Maj,P (1732)-Kuzminski,J Mazowiec-chT op 2013 (8.7)}) ({RR} 10. a4 O-O 11. Be3 Ba5 12. Bc5 Rd8 13. b4 Bb6 14. Rad1 Be6 15. Bxb6 axb6 16. Bxe6 fxe6 17. Rd3 Rd4 18. b5 Nd7 19. Rfd1 Nc5 20. Rxd4 exd4 21. Rxd4 e5 22. Rd1 cxb5 23. axb5 Ra3 24. Nd5 Nxe4 {1-0 Topic,J (1989)-Orehek,S (2018) SLO-ch (Women) 2014 (9)}) 10... b5 11. Bd3 Bb6+ 12. Kh1 h6 13. Ne2 a5 14. b3 O-O 15. Bb2 Re8 16. Rfd1 Bb7 17. c4 b4 18. Bc2 c5 19. Rd3 Bc7 20. Rad1 Bc6 21. Ng3 a4 22. Bb1 a3 23. Ba1 g6 24. Nf1 Re7 25. Ne3 Ne8 26. R3d2 f6 27. Kg1 Kf7 28. h3 Ke6 29. Kf2 Rd7 30. Ke2 Rad8 31. Bc2 Rxd2+ 1/2-1/2

[Event "45th Olympiad 2024"]
[Site "Budapest HUN"]
[Date "2024.09.22"]
[Round "11.77"]
[Board "2"]
[White "Brookfield, Toby"]
[Black "Mahendra Gurung"]
[Result "0-1"]
[WhiteElo "1872"]
[BlackElo "1725"]
[PlyCount "92"]
[EventDate "2024.09.11"]
[WhiteTeam "Guernsey"]
[BlackTeam "Bhutan"]
[BlackTeamCountry "BTN"]

1. f4 e6 2. Nf3 Nc6 3. e3 ({RR} 3. g3 Nf6 4. Bg2 Bc5 5. d4 Bb6 6. c3 d5 7. O-O O-O 8. Ne5 Nxe5 9. fxe5 Bd7 10. exf6 gxf6 11. Bh6 Re8 12. e4 dxe4 13. Qg4+ Kh8 14. Qg7# {1-0 Becker,M (2310)-Clemens,R Hessen-ch U13 1996 (1)}) 3... Nf6 4. Be2 ({RR} 4. g3 Bb4 5. Bg2 d5 6. O-O b6 7. c3 Ba5 8. b4 Nxb4 9. cxb4 Bxb4 10. Qa4+ Bd7 11. Qxb4 c5 12. Qb2 b5 13. Ne5 O-O 14. Nc3 b4 15. Ne2 Rb8 16. Nxd7 Nxd7 17. d3 c4 18. dxc4 dxc4 {1-0 Fischetti,L (1388)-Maghenzani,E (999) Emilia Romagna tt op 2022 (3)}) 4... d5 5. d3 $146 ({RR} 5. d4 a6 6. O-O Bd6 7. Ne5 Ne4 8. Nd2 O-O 9. Bf3 f6 10. Bxe4 dxe4 11. Nxc6 bxc6 12. Nxe4 f5 13. Nxd6 cxd6 14. Rf3 Bb7 15. Rh3 Rf6 16. Bd2 Rg6 17. Be1 Rc8 18. c3 Qc7 19. Rg3 Rxg3 {½-½ Brueckner,E (1764)-Nols,U (1544) Hessen-ch Seniors op 10th 2014 (4)}) ({RR} 5. b3 Bd6 6. Bb2 O-O 7. O-O Re8 8. Ne5 Bxe5 9. fxe5 Ne4 10. d3 Nc5 11. Nd2 d4 12. exd4 Nxd4 13. Nc4 a6 14. Bf3 Rb8 15. Qd2 b5 16. Ne3 Nxf3+ 17. Rxf3 Bb7 18. Rf2 Qg5 19. Qe2 Rbd8 {0-1 Wilant,M-Klisz,K (1323) POL-chT U19 2nd League 2012 (5)}) ({RR} 5. b3 Ne4 6. Bb2 f6 7. O-O e5 8. d3 Ng5 9. fxg5 fxg5 10. Nxe5 Nxe5 11. Bxe5 c6 12. Bh5+ g6 13. Bxh8 Qe7 14. Qf3 Bf5 15. e4 O-O-O 16. exf5 Qc5+ 17. d4 Qd6 18. fxg6 hxg6 19. Bg4+ Kc7 {1-0 Da Silva,T (1372)-De Oliveira,J Recife Arraes Memorial 10th 2017 (3)}) 5... Bd6 6. O-O O-O 7. Nc3 a6 8. e4 dxe4 9. dxe4 Bc5+ 10. Kh1 Qxd1 11. Rxd1 Ng4 12. Rf1 Nf2+ 13. Rxf2 Bxf2 14. e5 b5 15. a4 b4 16. Ne4 Bb6 17. Bd3 Bb7 18. c3 a5 19. Bd2 Rfd8 20. Bc2 Rd7 21. Re1 Rad8 22. Bc1 Ne7 23. h3 Nf5 24. Kh2 Bxe4 25. Bxe4 Bf2 26. Rf1 Bg3+ 27. Kg1 Rd1 28. Bc2 Rxf1+ 29. Kxf1 bxc3 30. bxc3 Ne7 31. Ng5 h6 32. Ne4 Nf5 33. Nxg3 Nxg3+ 34. Kf2 Nf5 35. Kf3 Ne7 36. Be3 h5 37. g4 hxg4+ 38. hxg4 g6 39. Kg3 Nd5 40. Bd4 Rb8 41. f5 gxf5 42. gxf5 exf5 43. Bxf5 Nxc3 44. e6 Nxa4 45. e7 Re8 46. Bc2 Rxe7 0-1

[Event "45th Olympiad 2024"]
[Site "Budapest HUN"]
[Date "2024.09.22"]
[Round "11.77"]
[Board "3"]
[White "Suk Raj Monger"]
[Black "Owen, Garth I"]
[Result "1-0"]
[WhiteElo "1821"]
[BlackElo "1810"]
[PlyCount "55"]
[EventDate "2024.09.11"]
[WhiteTeam "Bhutan"]
[BlackTeam "Guernsey"]
[WhiteTeamCountry "BTN"]

1. e4 c5 2. c3 Nf6 3. e5 Nd5 4. d4 cxd4 5. Nf3 e6 6. cxd4 d6 7. Bc4 Nc6 8. O-O Be7 9. Nc3 dxe5 ({RR} 9... Nxc3 10. bxc3 dxe5 11. Nxe5 Nxe5 12. dxe5 Qxd1 13. Rxd1 Bd7 14. a4 a6 15. Be2 Bc6 16. Be3 O-O 17. Bb6 Rfc8 18. Rd4 Bd8 19. Rb1 Bxb6 20. Rxb6 a5 21. f4 Bd5 22. c4 Bc6 23. Bf3 Bxf3 24. gxf3 {0-1 Preissmann,E (2365)-Cvitan,O (2550) Geneve op 1997 (2)}) 10. Bxd5 ({RR} 10. Nxe5 Nxe5 11. dxe5 Nxc3 12. bxc3 O-O 13. Qg4 Re8 14. Bh6 g6 15. Bb5 Bd7 16. Rfd1 Bxb5 17. Rxd8 Rexd8 18. Bg5 Bxg5 19. Qxg5 Rd3 20. Rc1 Rc8 21. h4 Rcxc3 22. Rxc3 Rxc3 23. h5 Kf8 24. Qd8+ Kg7 {1-0 Canonico,R (1716)-Felix,T (1932) Campina Grande 1st 2019 (5)}) 10... exd5 11. dxe5 $146 ({RR} 11. Nxe5 O-O 12. Nxc6 bxc6 13. Na4 Bd6 14. Be3 Re8 15. Qc1 Qh4 16. g3 Qf6 17. Re1 Bh3 18. f4 Bb4 19. Nc3 Re6 20. a3 Ba5 21. b4 Bb6 22. Qd2 Rae8 23. Bf2 h6 24. Rxe6 Rxe6 25. Na4 Qf5 {0-1 Pulpan,M (1763)-Gazik,V (2059) CZE-chTE U20 1213 2012 (4.3)}) 11... Be6 12. Qd3 Bb4 13. Bg5 Nxe5 14. Qb5+ Bd7 15. Qe2 f6 16. Nxe5 O-O 17. Nxd7 Re8 18. Qb5 fxg5 19. Qxd5+ Kh8 20. Rad1 Qc7 21. Rd4 Rad8 22. Rxb4 Rxd7 23. Qxg5 Re5 24. Re4 Rxe4 25. Nxe4 Qc2 26. Qe5 Rd8 27. Qe7 Qc8 28. Nd6 1-0

[Event "45th Olympiad 2024"]
[Site "Budapest HUN"]
[Date "2024.09.22"]
[Round "11.77"]
[Board "4"]
[White "Hill, Jonathan"]
[Black "Lhundrup M Dorji"]
[Result "0-1"]
[WhiteElo "1756"]
[BlackElo "1715"]
[PlyCount "68"]
[EventDate "2024.09.11"]
[WhiteTeam "Guernsey"]
[BlackTeam "Bhutan"]
[BlackTeamCountry "BTN"]

1. d4 Nf6 2. Nf3 e6 3. Bf4 c5 4. e3 Nc6 5. c3 d5 6. Nbd2 Bd6 7. Bg3 O-O 8. dxc5 Bxc5 9. Bd3 Re8 10. O-O e5 11. Bc2 $146 ({RR} 11. e4 Bg4 12. exd5 Qxd5 13. Bc4 Qd7 14. h3 Bh5 15. Nb3 Qxd1 16. Raxd1 Bb6 17. Be2 Rad8 18. Bh4 a5 19. g4 Bg6 20. Bxf6 gxf6 21. Rxd8 Rxd8 22. Rd1 Bc2 23. Rxd8+ Nxd8 24. Nbd2 Ne6 25. Ne1 Nf4 {0-1 Kilp,G-Kallweit,P (1832) Mecklenburg VP Landesliga Ost 1920 2019 (6.2)}) ({RR} 11. e4 Bg4 12. Bh4 Be7 13. Bxf6 Bxf6 14. exd5 Qxd5 15. Be4 Qd7 16. Qc2 g6 17. Rad1 Qc7 18. h3 Be6 19. Qa4 a6 20. Qc2 Rad8 {½-½ Roettinger,E (2057)-Berglitz,R (1949) TCh-EUR Senior +50 2022 (8.2)}) 11... Bg4 12. Qb1 d4 13. exd4 exd4 14. b4 dxc3 15. bxc5 cxd2 16. Qxb7 Na5 17. Qb4 Bxf3 18. gxf3 Nc6 19. Qc3 Qd4 20. Qxd4 Nxd4 21. Be4 Nxe4 22. fxe4 Rxe4 23. Kg2 Ne2 24. Rad1 Rd4 25. Be5 Rd5 26. Ba1 Rc8 27. Kf3 Nc1 28. Rxd2 Rxd2 29. Rxc1 Rxa2 30. Bd4 Ra6 31. Ke4 g6 32. Rb1 f5+ 33. Kd5 Rd8+ 34. Kc4 Ra4+ 0-1

[Event "45th Olympiad 2024"]
[Site "Budapest HUN"]
[Date "2024.09.22"]
[Round "11.78"]
[Board "1"]
[White "Bodin-Hullin, Thomas"]
[Black "Mathurin, Nathaniel"]
[Result "1/2-1/2"]
[WhiteElo "1855"]
[BlackElo "1982"]
[PlyCount "85"]
[EventDate "2024.09.11"]
[WhiteTeam "Senegal"]
[BlackTeam "Saint Lucia"]
[WhiteTeamCountry "SEN"]

1. e4 c5 2. Nf3 d6 3. d4 Nf6 4. Nc3 cxd4 5. Nxd4 a6 6. f3 e5 7. Nb3 Be6 8. Be3 Be7 9. Qd2 h5 10. O-O-O Nbd7 11. Kb1 Qc7 12. Nd5 Bxd5 ({RR} 12... Nxd5 13. exd5 Bf5 14. Bd3 Bxd3 15. Qxd3 b5 16. Bd2 O-O 17. Na5 Rac8 18. Rc1 Nb6 19. b3 Bf6 20. c4 bxc4 21. Nxc4 Nxc4 22. Rxc4 Qd7 23. Rhc1 Rxc4 24. Rxc4 Ra8 25. Rc6 a5 26. a4 g6 27. Ka2 {½-½ Aronian,L (2765)-Caruana,F (2786) Warsaw Superbet Classic Blitz 2022 (18.1)}) 13. exd5 Nb6 14. Bxb6 Qxb6 15. c4 $146 ({RR} 15. g3 O-O 16. Bg2 a5 17. Qd3 a4 18. Nd2 Nd7 19. Nc4 Qc7 20. h4 Nc5 21. Qd2 b5 22. Ne3 a3 23. b3 Bf6 24. Rdf1 e4 25. fxe4 Qe7 26. Nd1 Qe5 27. c3 b4 28. Qc2 bxc3 29. Rf5 Qd4 {0-1 Tavakalov,S (1872)-Tihonov,J (2398) Minsk op 2015 (1)}) ({RR} 15. h4 O-O 16. Be2 Rfe8 17. Rhg1 Bd8 18. a4 e4 19. a5 Qf2 20. Rdf1 Qg3 21. fxe4 Nxe4 22. Qd1 g6 23. Rf3 Qxh4 24. g3 Qg5 25. c4 Bf6 26. Bd3 Bg7 27. Qc2 f5 28. Rg2 Rac8 29. Ka2 Nf6 {0-1 Zaragoza Alanis,M (2149)-Corrales Jimenez,F (2545) National Open 2024 (1.9)}) ({RR} 15. Na5 Rc8 16. Nc4 Qc5 17. Ne3 g6 18. h4 Bf8 19. Qd3 Bh6 20. Nc4 b5 21. Na3 O-O 22. Be2 Rfe8 23. Rhf1 Bg7 24. Qd2 e4 25. c3 e3 26. Qd4 Qc7 27. Qd3 Nd7 28. Rc1 Nc5 29. Qd1 Qe7 {0-1 Mateu Guiu,E (2024)-Tallo Dominguez,I (2250) Catalunya-chT Honor 2013 (8.8)}) ({RR} 15. Qa5 Bd8 16. Qd2 Rc8 17. Bd3 Kf8 18. Bf5 Rc7 19. f4 exf4 20. Qxf4 g6 21. Bh3 h4 22. g4 Kg7 23. g5 Nh5 24. Qd2 Re8 25. Bg4 Re5 26. Bxh5 Bxg5 27. Qg2 gxh5 28. Rhe1 Rce7 29. Rf1 Qe3 {0-1 Choladze,T (1760)-Altshul,L (1932) EU-ch U16 Girls 24th 2014 (4)}) 15... a5 16. c5 dxc5 17. d6 Bd8 18. d7+ Kf8 19. Qc3 Qc7 20. a4 Nxd7 21. Bb5 Nf6 22. Rhe1 Be7 23. Rxe5 b6 24. Re2 Rh6 25. Qc4 Rd8 26. Rde1 Ng8 27. g3 Rhd6 28. Qc2 g6 29. Nd2 Kg7 30. Nc4 Rd5 31. f4 Bf6 32. Ne5 Nh6 33. Bc4 R5d6 34. h3 Bxe5 35. fxe5 Rd4 36. e6 Re8 37. e7 Nf5 38. Qb3 Rxe7 39. Rxe7 Nxe7 40. Bxf7 Qd7 41. Be6 Qc6 42. g4 Re4 43. Qc3+ 1/2-1/2

[Event "45th Olympiad 2024"]
[Site "Budapest HUN"]
[Date "2024.09.22"]
[Round "11.78"]
[Board "2"]
[White "James, Justin"]
[Black "Lesbros, Bernard"]
[Result "0-1"]
[WhiteElo "1745"]
[BlackElo "1938"]
[PlyCount "86"]
[EventDate "2024.09.11"]
[WhiteTeam "Saint Lucia"]
[BlackTeam "Senegal"]
[BlackTeamCountry "SEN"]

1. e4 c5 2. Nf3 a6 3. d4 cxd4 4. Nxd4 Nf6 5. Nc3 e5 6. Nf3 Bb4 7. Bd2 Nc6 8. Qe2 ({RR} 8. Bd3 d6 9. Nd5 Nxd5 10. exd5 Bxd2+ 11. Qxd2 Ne7 12. O-O-O f5 13. Ng5 e4 14. Bc4 b5 15. Bb3 a5 16. a4 O-O 17. Ne6 Bxe6 18. dxe6 bxa4 19. Bxa4 d5 20. Bb3 a4 21. Bxd5 a3 22. Bxa8 axb2+ {1-0 Chasin,N (2292)-Gareyev,T (2606) North American Blitz op 30th 2020 (6)}) 8... d6 $146 ({RR} 8... O-O 9. O-O-O b5 10. Nd5 Bxd2+ 11. Rxd2 d6 12. Nxf6+ Qxf6 13. Qe3 Bg4 14. Be2 Bxf3 15. Qxf3 Qe6 16. Qb3 Qxb3 17. axb3 Nd4 18. Bd1 Rfc8 19. Kb1 b4 20. Be2 a5 21. Bc4 a4 22. Rhd1 axb3 23. cxb3 {½-½ Fraczek,W (1911)-Baklanova,T (2147) 12th Brno Open 2023 (9.9)}) ({RR} 8... Qb6 9. Na4 Qa5 10. Nc3 Nd4 11. Qd3 Nxf3+ 12. Qxf3 d6 13. Bc4 b5 14. Bb3 Qc7 15. O-O Bb7 16. Bd5 Bxc3 17. Bxc3 Bxd5 18. exd5 O-O 19. Qd3 Rac8 20. Rac1 Qc4 21. Rfd1 b4 22. Qxc4 Rxc4 23. Be1 {1-0 Deceuninck,S-Van Weersel,B NED-ch U14 op 2000 (5)}) ({RR} 8... O-O 9. O-O-O d6 10. Re1 Be6 11. Kb1 Qc7 12. a3 Bc5 13. Bg5 Qe7 14. Qd2 Rfd8 15. Qe2 h6 16. Be3 Bxe3 17. fxe3 d5 18. exd5 Nxd5 19. Nxd5 Bxd5 20. Rd1 Rac8 21. g3 Bxf3 22. Qxf3 Rxd1+ 23. Qxd1 {0-1 Mondavi,H-Arevalo Garate,M Pan American-ch U10 Girls 2006 (1)}) 9. h3 O-O 10. O-O-O Be6 11. Kb1 Rc8 12. a3 Bc5 13. Be3 Qa5 14. Bxc5 Qxc5 15. Qd2 Rfd8 16. Ng5 Nd4 17. Nxe6 Nxe6 18. g3 b5 19. Bd3 Rb8 20. b4 Qd4 21. f3 Nc7 22. g4 a5 23. Ne2 Qa7 24. Kb2 Nd7 25. c3 Nb6 26. Ra1 d5 27. Qc2 dxe4 28. fxe4 Rd6 29. Ng3 Rbd8 30. Rhd1 g6 31. Be2 Na4+ 32. Kb3 Qe3 33. Nf1 Qxh3 34. Rxd6 Rxd6 35. Nd2 Rc6 36. Nb1 axb4 37. axb4 Ne6 38. Qd3 Nec5+ 39. bxc5 Nxc5+ 40. Kc2 Nxd3 41. Bxd3 b4 42. c4 Rd6 43. Be2 Qg2 0-1

[Event "45th Olympiad 2024"]
[Site "Budapest HUN"]
[Date "2024.09.22"]
[Round "11.78"]
[Board "3"]
[White "Marochkina, Nadezhda Valerevna"]
[Black "Elizee, Kaieem"]
[Result "0-1"]
[WhiteElo "1792"]
[BlackElo "1701"]
[PlyCount "98"]
[EventDate "2024.09.11"]
[WhiteTeam "Senegal"]
[BlackTeam "Saint Lucia"]
[WhiteTeamCountry "SEN"]

1. d4 Nf6 2. c4 e6 3. Nc3 d5 4. Nf3 Be7 5. g3 O-O 6. Bg2 dxc4 7. Ne5 c5 8. e3 cxd4 9. exd4 Nbd7 10. Nxc4 Nb6 11. Ne3 $146 ({RR} 11. Ne5 Nbd5 12. O-O Rb8 13. Qb3 Qb6 14. Rd1 Qxb3 15. axb3 a6 16. Bg5 h6 17. Nxd5 Nxd5 18. Bxe7 Nxe7 19. Rac1 f6 20. Rc7 Re8 21. Nc4 b5 22. Nd6 Rd8 23. Rxe7 Rxd6 24. Re8+ Kf7 25. Rh8 Rdb6 {½-½ Jordan Martinez,D (2123)-Vila Antunez,J (2179) Cullera exhibicion op 2013 (1)}) ({RR} 11. Ne5 Nbd5 12. O-O Bd7 13. Qb3 Bc6 14. Be3 Qd6 15. Rac1 Rfc8 16. a3 Nxe3 17. fxe3 Bxg2 18. Kxg2 a6 19. g4 h6 20. h4 Rf8 21. Rh1 Nd7 22. Ne4 Qd5 23. Qxd5 exd5 24. Nxd7 Rfd8 25. Nec5 {1-0 Fritz,A (1900)-Kaufmann,B (1730) Lippe Cup 01st 2004 (5)}) ({RR} 11. Ne5 Nbd5 12. O-O Qb6 13. Nc4 Qc7 14. Qb3 Bd7 15. Nxd5 Nxd5 16. Ne3 Nb6 17. Bd2 Ba4 18. Qd3 Qd7 19. b3 Bb5 20. Nc4 Rac8 21. Rfc1 Ba3 22. Rd1 Bxc4 23. bxc4 Nxc4 24. Rab1 b5 25. d5 exd5 {1-0 Stricker,F (1970)-Khess,I (1923) Ruhrgebiet Verbandsliga Gruppe 1 1516 2015 (3.5)}) 11... Rb8 12. O-O Bd7 13. a3 Qc7 14. d5 exd5 15. Nexd5 Nbxd5 16. Bxd5 Rbd8 17. Bf4 Qb6 18. Qe2 Bc5 19. Bg2 Bc6 20. Bxc6 Qxc6 21. Qc2 Bb6 22. Rad1 h6 23. Qe2 Rfe8 24. Rxd8 Rxd8 25. Rd1 Re8 26. Be3 Bxe3 27. fxe3 h5 28. Rd3 Ng4 29. h3 Ne5 30. Rd5 Qg6 31. Kf2 h4 32. g4 f5 33. Qb5 Qe6 34. g5 Nf7 35. Qd3 Nxg5 36. Rxf5 Nf7 37. e4 Qb6+ 38. Kf3 Ne5+ 39. Rxe5 Rxe5 40. Nd5 Qg1 41. Ne3 Qg3+ 42. Ke2 Qh2+ 43. Kf3 Qxh3+ 44. Ke2 Qh2+ 45. Ke1 Qg3+ 46. Kd2 h3 47. Qd4 h2 48. Nf5 Rxf5 49. exf5 h1=Q 0-1

[Event "45th Olympiad 2024"]
[Site "Budapest HUN"]
[Date "2024.09.22"]
[Round "11.78"]
[Board "4"]
[White "Daniel, Cyrus"]
[Black "Cisse, Amadou Lamine"]
[Result "1/2-1/2"]
[WhiteElo "1759"]
[BlackElo "1948"]
[PlyCount "105"]
[EventDate "2024.09.11"]
[WhiteTeam "Saint Lucia"]
[BlackTeam "Senegal"]
[BlackTeamCountry "SEN"]

1. e4 d6 2. d4 Nf6 3. Nc3 c5 4. dxc5 Qa5 5. Bd3 Qxc5 6. Be3 Qa5 7. Nge2 Nc6 8. O-O g6 $146 ({RR} 8... e6 9. Nd4 Be7 10. f4 Bd7 11. Nb3 Qc7 12. Qf3 a6 13. a4 Nb4 14. a5 Rc8 15. Bb6 Qb8 16. Rae1 e5 17. fxe5 dxe5 18. Nd5 Nbxd5 19. exd5 O-O 20. Bd4 Bd6 21. Bc3 Ng4 22. Bf5 Bxf5 23. Qxf5 {½-½ Menyhart,T (2235)-Juhasz,L (2195) HUN-chT2 9899 1998}) 9. f3 Bg7 10. Qd2 O-O 11. Bc4 a6 12. Bb3 b5 13. a3 Ne5 14. Nd5 Qd8 15. Bb6 Qd7 16. Bd4 Nxd5 17. Bxd5 Rb8 18. f4 Ng4 19. Bxg7 Kxg7 20. Qd4+ e5 21. fxe5 dxe5 22. Qc5 Bb7 23. Rad1 Bxd5 24. Rxd5 Qc8 25. Nc3 Qb7 26. Kh1 Rbc8 27. Qg1 b4 28. axb4 Qxb4 29. h3 Nh6 30. Rxe5 Qxb2 31. Rc5 Qb4 32. Rxc8 Rxc8 33. Nd5 Qxe4 34. Ne3 Rc3 35. Re1 Nf5 36. Nxf5+ Qxf5 37. Qd4+ Qf6 38. Qa4 Qf2 39. Qa1 Qd2 40. Rf1 Kh6 41. Qxa6 Rxc2 42. Qa8 f5 43. Qf8+ Kg5 44. Qe7+ Kh6 45. Qf8+ Kh5 46. g4+ fxg4 47. hxg4+ Kxg4 48. Rg1+ Kh5 49. Qf3+ Kh6 50. Qf8+ Kh5 51. Qf3+ Kh6 52. Qf8+ Kh5 53. Qf3+ 1/2-1/2